Los políticos no entienden el ambiente, y lo subordinan a la economía (entrevista a Alvaro León, presidente de la Asociación Ecologista Costarricense AECO) /

Na minha lista:
Detalhes bibliográficos
Autor principal: Mora Castellano, Eduardo
Outros Autores: León, Alvaro
Formato: Texto
Assuntos:
Tags: Adicionar Tag
Sem tags, seja o primeiro a adicionar uma tag!

MARC

LEADER 00000 a a2200000 04500
001 572
003
040
100 |a Mora Castellano, Eduardo  
245 |a Los políticos no entienden el ambiente, y lo subordinan a la economía (entrevista a Alvaro León, presidente de la Asociación Ecologista Costarricense AECO) /  |c Eduardo Mora Castellano 
650 |a POLITICA AMBIENTAL  
650 |a MEDIO AMBIENTE  
650 |a ECONOMIA  
650 |a ESTADO  
650 |a GRUPOS DE INTERESES  
650 |a PARTIDOS POLITICOS  
700 |a León, Alvaro  
773 |g número 64; páginas 1-8  
999 |c 25927  |d 25927